00411nam a2200157Ia 4500008004100000082001500041100001800056245003000074260003600104260000900140300000800149600001800157630003000175700001800205730003000223151202s9999||||xx |||||||||||||| ||und|| bPNVM-22041 aHIGGINS JACK. aWHAT DO ECONOMISTS KNOW?. b"MELBOURNE UNI. PRESS, LONDON." c1951 a166 aHIGGINS JACK. aWHAT DO ECONOMISTS KNOW?. aHIGGINS JACK. aWHAT DO ECONOMISTS KNOW?.